000 00579nam a2200205 a 4500
001 51098
003 BD-RjUL
005 20211209075617.0
008 160829s1950 ii ||||| |||| 00| 0 eng d
035 _a(BD-RjUL)51218
040 _aBD-RjUL
_beng
_cBD-RjUL
041 _aeng
082 _a420.71254
_bMET 1950
100 _aMehta, R. L.
_9152862
245 1 4 _aThe teaching of English in India /
_cR. L. Mehta
260 _aCalcutta :
_bOrient Longmans,
_c1950
300 _a320 p. ;
_c18 cm.
650 _aEnglish language
_xStudy and teaching
_zIndia.
_9152863
942 _2ddc
_cBK
999 _c51098
_d51098